000 02253nam a2200445 a 4500
001 ebr10516748
003 CaPaEBR
006 m u
007 cr cn|||||||||
008 010628s1998 vaua sb 100 0 eng d
010 _z 2001269802
020 _z1563472848
020 _z9781563472848
020 _z9781600864346 (e-book)
040 _aCaPaEBR
_cCaPaEBR
035 _a(OCoLC)607705522
050 1 4 _aTA357.5.T87
_bP76 1998eb
082 0 4 _a629.1 s
_a532/.0527
_221
245 0 0 _aProgress in fluid flow research
_h[electronic resource] :
_bturbulence and applied MHD /
_c[edited by] Herman Branover, Yeshajahu Unger.
246 3 0 _aFluid flow research
246 3 0 _aTurbulence and applied MHD
260 _aReston, Va. :
_bAmerican Institute of Aeronautics and Astronautics,
_cc1998.
300 _axxii, 930 p. :
_bill.
490 1 _aProgress in astronautics and aeronautics ;
_vv. 182
500 _a"A collection of papers ... presented at the Eighth Beer-Sheva International Seminar on Magnetohydrodynamic (MHD) Flows and Turbulence ... held February 25-29, 1996"--Pref.
504 _aIncludes bibliographical references.
505 2 _aTransition -- Turbulence -- MHD turbulence and atmospheric turbulence -- Astrophysics -- Experimental methods and data analysis -- Energy conversion -- Solidification -- Incompressible flows -- Plasma MHD.
533 _aElectronic reproduction.
_bPalo Alto, Calif. :
_cebrary,
_d2013.
_nAvailable via World Wide Web.
_nAccess may be limited to ebrary affiliated libraries.
650 0 _aTurbulence
_vCongresses.
650 0 _aFluid dynamics
_vCongresses.
650 0 _aMagnetohydrodynamic instabilities
_vCongresses.
650 0 _aMagnetohydrodynamics
_xIndustrial applications
_vCongresses.
655 7 _aElectronic books.
_2local
700 1 _aBranover, Herman,
_d1931-
700 1 _aUnger, Yeshajahu.
710 2 _aebrary, Inc.
711 2 _aBeer-Sheva International Seminar on Magnetohydrodynamic Flows and Turbulence
_n(8th :
_d1996 :
_cBen-Gurion University of the Negev)
830 0 _aProgress in astronautics and aeronautics ;
_vv. 182.
856 4 0 _uhttp://site.ebrary.com/lib/rucke/Doc?id=10516748
_zAn electronic book accessible through the World Wide Web; click to view
999 _c121280
_d121280